Stručný prehľad poľnohospodárstva v ČSSR

Gespeichert in:
Bibliographische Detailangaben
1. Verfasser: Sekerka, Dušan
Weitere Verfasser: Chemez, Peter
Format: Buch
Sprache:Slowakisch
Veröffentlicht: Nitra Vysoká škola poľnohospodárska 1979
Tags: Tag hinzufügen
Keine Tags, Fügen Sie das erste Tag hinzu!

MARC

LEADER 00000nam a2200000 4500
001 c126160
005 20190107130705.3
041 0 |a slo 
044 |a SK 
245 1 0 |a Stručný prehľad poľnohospodárstva v ČSSR  |c Dušan Sekerka, Peter Chemez 
264 1 |a Nitra  |b Vysoká škola poľnohospodárska  |c 1979 
300 |a 84 s. 
100 1 |a Sekerka, Dušan 
700 1 |a Chemez, Peter